[Event "Sparkassen-Open A"]
[Site "Heusenstamm, Martinsee"]
[Date "2015.11.27"]
[Round "2.47"]
[White "Illenberger, Dirk"]
[Black "Rutsatz, Mario"]
[Result "0-1"]
[WhiteElo "1746"]
[BlackElo "1988"]
[PlyCount "48"]
[EventDate "2015.??.??"]
[WhiteTeam "FV Berkersheim"]
[BlackTeam "SF Frankfurt"]

1. e4 e6 2. d3 d5 3. Nd2 Nf6 4. g3 Nc6 5. Bg2 dxe4 6. Nxe4 Nxe4 7. Bxe4 e5 8.
Ne2 Bh3 9. Be3 Be7 10. f4 O-O 11. Ng1 exf4 12. Bxf4 Be6 13. Qh5 g6 14. Qf3 Nd4
15. Qg2 c6 16. Qd2 Bd5 17. c3 Bxe4 18. dxe4 Ne6 19. O-O-O Qa5 20. Kb1 Rfd8 21.
Qc2 Rxd1+ 22. Qxd1 Rd8 23. Qc2 Qh5 24. Qe2 Rd1+ 0-1

[Event "Sparkassen-Open A"]
[Site "Heusenstamm, Martinsee"]
[Date "2015.11.27"]
[Round "2.48"]
[White "Bjoerknes, Uwe"]
[Black "Lotz, Ralf"]
[Result "1/2-1/2"]
[WhiteElo "1964"]
[BlackElo "1904"]
[PlyCount "39"]
[EventDate "2015.??.??"]
[WhiteTeam "vereinslos"]
[BlackTeam "SC Obertshausen"]

1. e4 d6 2. d4 Nf6 3. Bd3 e5 4. c3 Nc6 5. Nf3 g6 6. O-O Bg7 7. Bg5 h6 8. Bxf6
Bxf6 9. d5 Ne7 10. Bb5+ Bd7 11. Bxd7+ Qxd7 12. c4 O-O 13. Nc3 Bg7 14. Nd2 f5
15. f3 f4 16. b4 g5 17. c5 h5 18. Qa4 c6 19. cxd6 Qxd6 20. Nc4 1/2-1/2

[Event "Sparkassen-Open A"]
[Site "Heusenstamm, Martinsee"]
[Date "2015.11.27"]
[Round "2.49"]
[White "Mueller, Thorsten"]
[Black "Falkenhainer, Sven"]
[Result "1/2-1/2"]
[WhiteElo "2112"]
[BlackElo "1736"]
[PlyCount "106"]
[EventDate "2015.??.??"]
[WhiteTeam "VSG Offenbach"]
[BlackTeam "SC Bergen-Enkheim"]

1. d4 e6 2. Nf3 d5 3. Bf4 Nf6 4. e3 c5 5. c3 Nc6 6. Nbd2 Bd7 7. Bd3 c4 8. Bc2
b5 9. a3 Be7 10. Ne5 O-O 11. Qf3 Nxe5 12. Bxe5 Ne8 13. Qh3 f5 14. g4 Bd6 15.
gxf5 exf5 16. Qg2 Be6 17. Nf3 Bxe5 18. dxe5 Qe7 19. Nd4 a6 20. f4 Nc7 21. Rg1
Rf7 22. Bd1 Kh8 23. Bf3 Rg8 24. O-O-O Qc5 25. Qh3 g6 26. Rg2 Rfg7 27. Qh4 Bc8
28. Rdg1 Ne6 29. Qf6 Rf8 30. Qh4 Rfg8 31. Qh6 Nf8 32. h4 a5 33. h5 b4 34. axb4
axb4 35. cxb4 Qxb4 36. Bxd5 c3 37. Nc6 cxb2+ 38. Kb1 Qa3 39. Bxg8 Kxg8 40. Rxb2
Qd3+ 41. Ka1 Qa6+ 42. Kb1 Qxc6 43. Rc1 Qe4+ 44. Rcc2 Rd7 45. Rb8 Rb7+ 46. Rxb7
Qxb7+ 47. Kc1 Qh1+ 48. Kb2 Be6 49. Qg5 Qd5 50. h6 Qb3+ 51. Kc1 Qxe3+ 52. Kb2
Qb3+ 53. Kc1 Qe3+ 1/2-1/2

[Event "Sparkassen-Open A"]
[Site "Heusenstamm, Martinsee"]
[Date "2015.11.27"]
[Round "2.50"]
[White "Hecht, Carsten"]
[Black "Saluvar, Bülent"]
[Result "1-0"]
[WhiteElo "2159"]
[BlackElo "1799"]
[PlyCount "71"]
[EventDate "2015.??.??"]
[WhiteTeam "LSV Turm Lippstadt"]
[BlackTeam "SC Münster"]

1. e4 e6 2. d4 d5 3. Nc3 Nf6 4. e5 Nfd7 5. f4 c5 6. Nf3 a6 7. Be3 Nc6 8. Qd2
cxd4 9. Nxd4 Nxd4 10. Bxd4 b5 11. Be2 Be7 12. O-O Bc5 13. Kh1 Bxd4 14. Qxd4 Qb6
15. Qd2 Bb7 16. Rad1 O-O 17. b4 f6 18. exf6 Nxf6 19. Bf3 Rad8 20. Ne2 Ne4 21.
Qd4 Qc7 22. c3 Rc8 23. Rd3 Qc4 24. Qxc4 Rxc4 25. Kg1 Rfc8 26. Bg4 Re8 27. Bh3
Re7 28. Rff3 e5 29. Rf1 exf4 30. Nxf4 Rxc3 31. Be6+ Rxe6 32. Nxe6 h6 33. Rxc3
Nxc3 34. Rf8+ Kh7 35. Rf7 Bc8 36. Rxg7+ 1-0

[Event "Sparkassen-Open A"]
[Site "Heusenstamm, Martinsee"]
[Date "2015.11.27"]
[Round "2.52"]
[White "Berkes, Jörg Dr"]
[Black "Tornay Gomez, Josu"]
[Result "0-1"]
[WhiteElo "1789"]
[BlackElo "2100"]
[PlyCount "82"]
[EventDate "2015.??.??"]
[WhiteTeam "SK Langen"]
[BlackTeam "SC Herborn"]

1. Nf3 Nf6 2. g3 g6 3. Bg2 Bg7 4. d3 O-O 5. O-O d6 6. e4 c5 7. c3 Nc6 8. a4 Rb8
9. Re1 a6 10. e5 dxe5 11. Nxe5 Nxe5 12. Rxe5 Bg4 13. f3 Nd7 14. Re1 Bf5 15. g4
Be6 16. Bf4 Rc8 17. Qd2 Re8 18. h4 Bd5 19. Bh6 Bf6 20. g5 Bh8 21. h5 Ne5 22.
hxg6 hxg6 23. Qe3 Bc6 24. Rd1 Qd5 25. c4 Nxc4 26. Qe4 Qd4+ 27. Qxd4 Bxd4+ 28.
Kh2 Nxb2 29. Rf1 Nxd3 30. Ra3 Ne5 31. Nd2 b5 32. f4 Ng4+ 33. Kg3 Bxg2 34. Kxg4
Bxf1 35. Nxf1 b4 36. Rf3 f5+ 37. gxf6 exf6 38. f5 Re4+ 39. Kh3 g5 40. Kg2 Rg4+
41. Ng3 Be5 0-1

[Event "Sparkassen-Open A"]
[Site "Heusenstamm, Martinsee"]
[Date "2015.11.27"]
[Round "2.53"]
[White "Theuer, Carsten"]
[Black "Kalepky, Helmut"]
[Result "1/2-1/2"]
[WhiteElo "1788"]
[BlackElo "2064"]
[PlyCount "120"]
[EventDate "2015.??.??"]
[WhiteTeam "VSG Offenbach"]
[BlackTeam "SF Heidesheim"]

1. e4 e5 2. Nf3 Nc6 3. Bc4 Nf6 4. d3 Be7 5. Nc3 d6 6. h3 a6 7. a3 O-O 8. Be3 b5
9. Ba2 Be6 10. Bxe6 fxe6 11. Ne2 Qd7 12. c3 d5 13. Ng3 Bd6 14. Qc2 Ne7 15. b4
c6 16. O-O a5 17. Rfe1 Ng6 18. Bb6 axb4 19. axb4 Qb7 20. Be3 Rxa1 21. Rxa1 Ra8
22. Rxa8+ Qxa8 23. Ng5 Nf8 24. Qb2 Qa4 25. Qc1 Qa2 26. Nf3 N6d7 27. Nd2 h6 28.
Qb1 Qxb1+ 29. Nxb1 Kf7 30. Kf1 Ng6 31. Ne2 Nf4 32. Nxf4 exf4 33. Bd2 g5 34. f3
Nb6 35. Na3 Be7 36. e5 Kg6 37. d4 Nc4 38. Nxc4 bxc4 39. Ke2 Kf5 40. Bc1 h5 41.
Ba3 Bd8 42. Bc1 g4 43. hxg4+ hxg4 44. Bd2 Bh4 45. Be1 gxf3+ 46. gxf3 Kg5 47.
Bd2 Bg3 48. Kf1 Kh5 49. Kg1 Kg6 50. Kg2 Kf7 51. Kh3 Kg7 52. Kg2 Kg6 53. Kg1 Kf7
54. Kg2 Ke8 55. Kh3 Kf7 56. Kg4 Kg6 57. Bc1 Be1 58. Bb2 Bd2 59. Ba1 Bc1 60. Kh4
Be3 1/2-1/2

[Event "Sparkassen-Open A"]
[Site "Heusenstamm, Martinsee"]
[Date "2015.11.27"]
[Round "2.54"]
[White "Pawelzik, Malte"]
[Black "Marzec, Witold"]
[Result "1-0"]
[WhiteElo "2056"]
[BlackElo "1785"]
[PlyCount "57"]
[EventDate "2015.??.??"]
[WhiteTeam "SC Garching"]
[BlackTeam "vereinslos"]

1. e4 c5 2. Nf3 d6 3. d4 cxd4 4. Nxd4 Nf6 5. Nc3 a6 6. Bg5 e6 7. f4 Be7 8. Qf3
Nbd7 9. O-O-O Qc7 10. g4 Nb6 11. Kb1 Bd7 12. h4 h6 13. Bxf6 Bxf6 14. g5 Be7 15.
g6 f6 16. Bh3 Qc8 17. Rhe1 O-O 18. Qe2 Re8 19. Rd3 f5 20. exf5 exf5 21. Qf2 Nc4
22. Nd5 Qd8 23. Nxf5 Bxf5 24. Bxf5 Na5 25. Rde3 Nc6 26. Be6+ Kf8 27. Bf7 Qa5
28. c3 Rac8 29. Qe2 1-0

[Event "Sparkassen-Open A"]
[Site "Heusenstamm, Martinsee"]
[Date "2015.11.27"]
[Round "2.55"]
[White "Konik, Michael"]
[Black "Lanz, Udo"]
[Result "1-0"]
[WhiteElo "2049"]
[BlackElo "1781"]
[PlyCount "37"]
[EventDate "2015.??.??"]
[WhiteTeam "SK Mainaschaff"]
[BlackTeam "VSG Offenbach"]

1. e4 c6 2. d4 d5 3. Nc3 dxe4 4. Nxe4 Nf6 5. Ng3 g6 6. Bc4 Bg7 7. Nf3 O-O 8.
Bf4 Nbd7 9. Qd2 b5 10. Bd3 Qb6 11. h4 h5 12. Bh6 c5 13. Bxg7 Kxg7 14. Qg5 c4
15. Nf5+ Kg8 16. Nxe7+ Kh7 17. Bxg6+ fxg6 18. Qxg6+ Kh8 19. Ng5 1-0

[Event "Sparkassen-Open A"]
[Site "Heusenstamm, Martinsee"]
[Date "2015.11.27"]
[Round "2.56"]
[White "Gelfenbaum, Daniel"]
[Black "Büse, Ralf"]
[Result "0-1"]
[WhiteElo "1771"]
[BlackElo "1962"]
[PlyCount "52"]
[EventDate "2015.??.??"]
[WhiteTeam "TuS Makkabi"]
[BlackTeam "SC Groß Zimmern"]

1. e4 e6 2. d4 d5 3. Bd3 dxe4 4. Bxe4 Nf6 5. Bf3 c5 6. dxc5 Qxd1+ 7. Kxd1 Bxc5
8. Be3 Bxe3 9. fxe3 Nbd7 10. g3 Ne5 11. Be2 Bd7 12. Bf3 O-O-O 13. Ke2 Bb5+ 14.
Ke1 Nc4 15. Nc3 Nxe3 16. Rc1 Ba6 17. b4 Bc4 18. Nh3 Nfd5 19. Nxd5 Nxd5 20. Ng5
Rd7 21. Rd1 f6 22. Nxe6 Re8 23. Kf2 Rxe6 24. Bg4 f5 25. Rd4 fxg4 26. Rxc4+ Rc7
0-1

[Event "Sparkassen-Open A"]
[Site "Heusenstamm, Martinsee"]
[Date "2015.11.27"]
[Round "2.57"]
[White "Cichy, Michael"]
[Black "Hauk, Roland"]
[Result "1-0"]
[WhiteElo "1957"]
[BlackElo "1771"]
[PlyCount "73"]
[EventDate "2015.??.??"]
[WhiteTeam "SC BS Gliesmarode"]
[BlackTeam "SK Endingen"]

1. d4 Nf6 2. Nf3 g6 3. c4 Bg7 4. Nc3 d5 5. Qb3 dxc4 6. Qxc4 c6 7. e4 O-O 8. Be2
b5 9. Qb3 a5 10. e5 Be6 11. Qd1 Nd5 12. O-O Nxc3 13. bxc3 Bd5 14. a4 b4 15. c4
Be6 16. Ng5 Bc8 17. f4 f6 18. Nf3 Bb7 19. Qb3 Kh8 20. Be3 Qc7 21. Rad1 Nd7 22.
e6 Nb6 23. f5 g5 24. Ne1 h6 25. Nd3 Rad8 26. Nc5 Bc8 27. Bf2 Kh7 28. Rd3 Qa7
29. Rh3 Ba6 30. Re1 Rh8 31. Nxa6 Qxa6 32. c5 Qb7 33. cxb6 Rd5 34. g4 Qxb6 35.
Qc4 Rhd8 36. Rd3 Rb8 37. Rb1 1-0

[Event "Sparkassen-Open A"]
[Site "Heusenstamm, Martinsee"]
[Date "2015.11.27"]
[Round "2.58"]
[White "Laufenburg, Frank"]
[Black "Wolff, Peter"]
[Result "0-1"]
[WhiteElo "1768"]
[BlackElo "1957"]
[PlyCount "48"]
[EventDate "2015.??.??"]
[WhiteTeam "SC Bergen-Enkheim"]
[BlackTeam "VSG Offenbach"]

1. Nf3 d5 2. c4 c6 3. e3 Nf6 4. Nc3 Bg4 5. cxd5 cxd5 6. Qa4+ Bd7 7. Qb3 Bc6 8.
d4 Nbd7 9. Bd3 e6 10. O-O Bd6 11. Nb5 Be7 12. Bd2 a6 13. Nc3 O-O 14. Rac1 Ne4
15. Qc2 f5 16. Ne5 Rc8 17. f3 Nxd2 18. Qxd2 Nxe5 19. dxe5 Qb6 20. Nd1 Bb4 21.
Qe2 Rfd8 22. Kh1 d4 23. a3 Be7 24. b4 Bxf3 0-1

[Event "Sparkassen-Open A"]
[Site "Heusenstamm, Martinsee"]
[Date "2015.11.27"]
[Round "2.59"]
[White "Modric, Vladimir"]
[Black "Bunjaku, Lulzim"]
[Result "1-0"]
[WhiteElo "1945"]
[BlackElo "1766"]
[PlyCount "73"]
[EventDate "2015.??.??"]
[WhiteTeam "SC Nied"]
[BlackTeam "SC Heusenstamm"]

1. d4 f5 2. Bf4 Nf6 3. e3 e6 4. Bd3 b6 5. c3 Bb7 6. Nf3 Be7 7. h3 d6 8. Nbd2
Nbd7 9. O-O O-O 10. Ng5 Bd5 11. c4 h6 12. cxd5 hxg5 13. dxe6 gxf4 14. exd7 Qxd7
15. exf4 d5 16. Nf3 Bd6 17. Ne5 Bxe5 18. fxe5 Ne4 19. Rc1 c6 20. Qa4 Rac8 21.
Rc2 Rc7 22. Rfc1 b5 23. Qa5 Rb8 24. a4 bxa4 25. Qxa4 Rb6 26. b4 Rcb7 27. Rxc6
Rxb4 28. Rc8+ Kf7 29. Qa5 Kg6 30. R1c6+ Kg5 31. e6 Qe7 32. Qxd5 Qf6 33. Bxe4
Rxd4 34. h4+ Kf4 35. g3+ Kg4 36. Bf3+ Kh3 37. Bg2+ 1-0

[Event "Sparkassen-Open A"]
[Site "Heusenstamm, Martinsee"]
[Date "2015.11.27"]
[Round "2.60"]
[White "Zerhusen, Martin"]
[Black "Müller, Gerhard"]
[Result "1-0"]
[WhiteElo "1762"]
[BlackElo "1938"]
[PlyCount "73"]
[EventDate "2015.??.??"]
[WhiteTeam "SV Oberursel"]
[BlackTeam "SV Mainz-Mombach"]

1. d4 Nf6 2. c4 d6 3. Nc3 g6 4. Nf3 Bg7 5. g3 c6 6. Bg2 Nbd7 7. O-O O-O 8. Re1
Qc7 9. e3 Re8 10. b3 a6 11. Bb2 Rb8 12. Rc1 b6 13. Qc2 e5 14. dxe5 dxe5 15. e4
Bf8 16. Qe2 Nc5 17. Red1 Bg4 18. h3 Bxf3 19. Qxf3 Be7 20. Rd2 Ne6 21. Nd1 Rbd8
22. Rcc2 Nd4 23. Bxd4 exd4 24. Nb2 c5 25. Nd3 Nd7 26. Qd1 Bg5 27. Re2 Re7 28.
f4 Bh6 29. h4 f6 30. Kh2 g5 31. hxg5 fxg5 32. e5 Kh8 33. Bd5 Rf8 34. Rf2 Bg7
35. Qg4 Qd8 36. Qxg5 Ree8 37. Qxd8 1-0

[Event "Sparkassen-Open A"]
[Site "Heusenstamm, Martinsee"]
[Date "2015.11.27"]
[Round "2.62"]
[White "Rüll, Michael"]
[Black "Zirlik, Rudi"]
[Result "1-0"]
[WhiteElo "1759"]
[BlackElo "1937"]
[PlyCount "99"]
[EventDate "2015.??.??"]
[WhiteTeam "SC Obertshausen"]
[BlackTeam "SV Unterkochen"]

1. d4 f5 2. g3 Nf6 3. Bg2 e6 4. Nf3 Be7 5. O-O O-O 6. b3 d5 7. Ba3 c6 8. Bxe7
Qxe7 9. Nbd2 Ne4 10. c4 b6 11. Re1 Nd7 12. e3 Ba6 13. Rc1 Rac8 14. Bf1 Ndf6 15.
h3 g5 16. Ne5 Nxd2 17. Qxd2 Ne4 18. Qd1 Qg7 19. b4 f4 20. Qa4 Bxc4 21. Nxc4 b5
22. Qc2 bxc4 23. Bxc4 fxg3 24. fxg3 Rf3 25. Bf1 Nxg3 26. Bg2 Rf7 27. Qd3 e5 28.
Bxd5 Kh8 29. Bxf7 Qxf7 30. e4 Qf4 31. Kg2 Nh5 32. Qf3 Qd2+ 33. Kh1 Nf4 34. dxe5
Rf8 35. e6 Qxb4 36. Qc3+ Qxc3 37. Rxc3 Nxe6 38. Rxc6 Nf4 39. Rec1 Nxh3 40. Kg2
Nf4+ 41. Kh2 Nd3 42. Rc8 Nxc1 43. Rxf8+ Kg7 44. Ra8 Kf6 45. Rxa7 Ke5 46. a4
Kxe4 47. Rb7 Kd5 48. a5 Kc6 49. a6 Nd3 50. Rb8 1-0

[Event "Sparkassen-Open A"]
[Site "Heusenstamm, Martinsee"]
[Date "2015.11.27"]
[Round "2.63"]
[White "Weil, Michael"]
[Black "Paeslack, Luis"]
[Result "1-0"]
[WhiteElo "1935"]
[BlackElo "1752"]
[PlyCount "73"]
[EventDate "2015.??.??"]
[WhiteTeam "SC Steinbach"]
[BlackTeam "SK Mainaschaff"]

1. d4 Nf6 2. Nf3 e6 3. e3 c5 4. c3 b6 5. Nbd2 Bb7 6. Bd3 d6 7. O-O Nbd7 8. e4
cxd4 9. cxd4 Qc7 10. Qe2 a5 11. a4 Be7 12. Nb1 Bc6 13. Nc3 Qb7 14. d5 exd5 15.
exd5 Nxd5 16. Nxd5 Bxd5 17. Re1 Be6 18. Nd4 Ne5 19. Bb5+ Bd7 20. f4 Qd5 21. Be3
Ng6 22. Bxd7+ Kxd7 23. Qg4+ Ke8 24. Nb5 f5 25. Nc7+ Kf7 26. Qh5 Qb3 27. Qxf5+
Bf6 28. Nxa8 Rxa8 29. Bd4 Ne7 30. Qh5+ Ng6 31. Bxf6 Kxf6 32. Qg5+ Kf7 33. Rac1
Qb4 34. Qd5+ Kf6 35. Re6+ Kf7 36. Rc7+ Kg8 37. Re8# 1-0

[Event "Sparkassen-Open A"]
[Site "Heusenstamm, Martinsee"]
[Date "2015.11.27"]
[Round "2.64"]
[White "Miller, Justin"]
[Black "Schindelmeiser, Frank"]
[Result "0-1"]
[WhiteElo "1736"]
[BlackElo "1931"]
[PlyCount "40"]
[EventDate "2015.??.??"]
[WhiteTeam "Sfr. Kelkheim"]
[BlackTeam "SV Oberursel"]

1. e4 c5 2. d4 cxd4 3. c3 dxc3 4. Nxc3 e6 5. Nf3 a6 6. Bc4 b5 7. Bb3 Bb7 8. O-O
b4 9. Nd5 exd5 10. exd5 Bc5 11. Re1+ Kf8 12. Bf4 d6 13. Ba4 Ne7 14. Rc1 Nd7 15.
Bg5 f6 16. Bxd7 Qxd7 17. Rxc5 dxc5 18. d6 Nd5 19. Bf4 Nxf4 20. Re7 Qg4 0-1

[Event "Sparkassen-Open A"]
[Site "Heusenstamm, Martinsee"]
[Date "2015.11.27"]
[Round "2.65"]
[White "Zimmer, Gerald"]
[Black "Fischer, Lutz"]
[Result "1-0"]
[WhiteElo "1923"]
[BlackElo "1729"]
[PlyCount "107"]
[EventDate "2015.??.??"]
[WhiteTeam "SC Bergen-Enkheim"]
[BlackTeam "SF Frankfurt"]

1. d4 d5 2. Nf3 Bg4 3. Ne5 Bf5 4. c4 f6 5. Nf3 e6 6. Nc3 Bb4 7. Qb3 Nc6 8. Bd2
Nge7 9. e3 Bg6 10. cxd5 exd5 11. Bb5 Bxc3 12. Qxc3 O-O 13. Nh4 Bf7 14. Bd3 Qe8
15. O-O Rc8 16. Rac1 g5 17. Nf5 Nxf5 18. Bxf5 Be6 19. Bxe6+ Qxe6 20. Qb3 Nd8
21. Qa4 a6 22. Qa5 Rf7 23. Qb4 h5 24. Qb3 h4 25. f3 f5 26. Rc5 c6 27. Qd3 Qg6
28. Qc2 Ne6 29. Rxd5 Rcf8 30. Re5 Rf6 31. Bb4 R8f7 32. Qd3 h3 33. g3 f4 34.
Qxg6+ Rxg6 35. exf4 gxf4 36. g4 Nxd4 37. Re8+ Kh7 38. Kf2 Re6 39. Rxe6 Nxe6 40.
Re1 Nd4 41. Bc5 Nb5 42. Re5 Kg6 43. Ke2 Nc7 44. a3 Nd5 45. Kd3 Rd7 46. Ke4 Nf6+
47. Kxf4 Rd2 48. Kg3 b6 49. Bxb6 Nd5 50. Re6+ Kf7 51. Rxc6 Rg2+ 52. Kxh3 Nf4+
53. Kh4 Rxh2+ 54. Kg3 1-0

[Event "Sparkassen-Open A"]
[Site "Heusenstamm, Martinsee"]
[Date "2015.11.27"]
[Round "2.66"]
[White "Lasschuit, Rene"]
[Black "Winand, Edgar"]
[Result "1-0"]
[WhiteElo "1726"]
[BlackElo "1922"]
[PlyCount "125"]
[EventDate "2015.??.??"]
[WhiteTeam "SV Berolina Mitte"]
[BlackTeam "SC Flörsheim"]

1. d4 d6 2. Nf3 g6 3. Bf4 Bg7 4. e3 Nf6 5. Bd3 O-O 6. O-O Nh5 7. Bg5 f5 8. c4
Qe8 9. Nc3 c6 10. Be2 Nd7 11. e4 fxe4 12. Nxe4 Nf4 13. Re1 h6 14. Bh4 g5 15.
Bg3 Qg6 16. Bd3 Nxd3 17. Qxd3 Rf7 18. Rad1 Nf8 19. Qb3 Bf5 20. Qxb7 Rc8 21. Nc3
e5 22. Qa6 Re8 23. Qxc6 Rc8 24. Qa6 Rfc7 25. Nd5 Rf7 26. dxe5 dxe5 27. Qxg6
Nxg6 28. Nxe5 Nxe5 29. Bxe5 Bc2 30. Rc1 Bd3 31. b3 Rc5 32. Bxg7 Kxg7 33. Re3
Bg6 34. Rce1 a5 35. Re7 Bc2 36. Rxf7+ Kxf7 37. Re7+ Kf8 38. Re6 Kg7 39. Re7+
Kg8 40. Re1 a4 41. Nb6 Ra5 42. Nxa4 Kf7 43. h3 Bd3 44. Rd1 Bxc4 45. bxc4 Rxa4
46. Rc1 Rxa2 47. c5 Ra7 48. c6 Rc7 49. Kh2 Ke6 50. Kg3 Kf5 51. Kf3 Ke5 52. g3
Kf5 53. Rc5+ Ke6 54. Ke4 Kf6 55. Kd5 Ke7 56. Rb5 Rc8 57. Rb7+ Kf6 58. Kd6 Re8
59. c7 Re1 60. c8=Q Rd1+ 61. Kc7 Rc1+ 62. Kb8 Rxc8+ 63. Kxc8 1-0

[Event "Sparkassen-Open A"]
[Site "Heusenstamm, Martinsee"]
[Date "2015.11.27"]
[Round "2.67"]
[White "Thomele, Michael"]
[Black "Wehr, Jan"]
[Result "1-0"]
[WhiteElo "1919"]
[BlackElo "1713"]
[PlyCount "63"]
[EventDate "2015.??.??"]
[WhiteTeam "SC Obernau"]
[BlackTeam "Krefelder SK Turm"]

1. e4 Nf6 2. e5 Nd5 3. d4 d6 4. c4 Nb6 5. exd6 exd6 6. Be3 Be7 7. h3 Bf5 8. Nf3
Nc6 9. a3 a5 10. Nc3 h6 11. Bd3 Bxd3 12. Qxd3 O-O 13. O-O Bf6 14. Rac1 d5 15.
cxd5 Nxd5 16. Ne4 Be7 17. Nc5 Qc8 18. Qc2 Nd8 19. Rfe1 Ne6 20. Ne4 a4 21. Qc4
c6 22. Nc3 Nb6 23. Qd3 Rd8 24. Qf5 Bf6 25. Ne4 Bxd4 26. Nxd4 Nxd4 27. Qc5 Nb3
28. Qxb6 Nxc1 29. Rxc1 Rd5 30. Nc3 Ra6 31. Nxd5 Rxb6 32. Ne7+ 1-0

[Event "Sparkassen-Open A"]
[Site "Heusenstamm, Martinsee"]
[Date "2015.11.27"]
[Round "2.68"]
[White "Cors, Heinz-Friedrich"]
[Black "Midanka, Vladimir"]
[Result "1-0"]
[WhiteElo "1916"]
[BlackElo "1700"]
[PlyCount "105"]
[EventDate "2015.??.??"]
[WhiteTeam "Schachforum Darmstadt"]
[BlackTeam "vereinslos"]

1. e4 c5 2. Nf3 Nc6 3. d4 cxd4 4. Nxd4 Nf6 5. Nc3 e5 6. Ndb5 Bb4 7. Nd6+ Bxd6
8. Qxd6 Qe7 9. Qd1 h6 10. Bd3 O-O 11. O-O Rd8 12. Nd5 Nxd5 13. exd5 Nd4 14. c3
e4 15. Re1 Qf6 16. Rxe4 Nf5 17. Qe2 g5 18. Re8+ Rxe8 19. Qxe8+ Kg7 20. Qe4 d6
21. Bd2 Bd7 22. Qf3 Re8 23. Rc1 Nh4 24. Qxf6+ Kxf6 25. c4 Ng6 26. Bb4 Nf4 27.
Bc3+ Ke7 28. Re1+ Kd8 29. Bf6+ Kc8 30. Rxe8+ Bxe8 31. Bf5+ Bd7 32. Bxd7+ Kxd7
33. Bg7 h5 34. Bh6 f6 35. h4 Nd3 36. hxg5 fxg5 37. Bg7 Nc1 38. Bf6 g4 39. Kh2
Nxa2 40. Kg3 Nb4 41. Kh4 b5 42. Bc3 Nd3 43. cxb5 Nf4 44. Bd4 Nxd5 45. Bxa7 Nf4
46. g3 Nd3 47. Bd4 Ke6 48. b6 Nb4 49. b7 Nc6 50. Ba7 d5 51. b8=Q Nxb8 52. Bxb8
d4 53. Bf4 1-0

[Event "Sparkassen-Open A"]
[Site "Heusenstamm, Martinsee"]
[Date "2015.11.27"]
[Round "2.69"]
[White "Reinhold, Günther"]
[Black "Bittner, Peter"]
[Result "1-0"]
[WhiteElo "1713"]
[BlackElo "1912"]
[PlyCount "75"]
[EventDate "2015.??.??"]
[WhiteTeam "Frankfurter TV"]
[BlackTeam "SC Nied"]

1. e4 e5 2. Nf3 Nc6 3. Bc4 Be7 4. d4 exd4 5. O-O d6 6. Nxd4 Nf6 7. Nc3 O-O 8.
a3 Bd7 9. h3 Ne5 10. Be2 a6 11. f4 Ng6 12. Be3 c5 13. Nf3 Bc6 14. f5 Ne5 15.
Nxe5 dxe5 16. Bf3 b5 17. Qe1 Qc7 18. Qg3 Kh8 19. Rad1 Rad8 20. Qf2 Qb7 21. Bxc5
Bxc5 22. Qxc5 Bxe4 23. Nxe4 Nxe4 24. Qe3 Qe7 25. Bxe4 f6 26. c3 Rb8 27. Rd2 a5
28. Rfd1 b4 29. Rd7 Qe8 30. Qa7 bxc3 31. bxc3 Qh5 32. Qe3 h6 33. c4 a4 34. c5
Rb3 35. R1d3 Qe8 36. c6 Qb8 37. c7 Qc8 38. Rd8 $138 1-0

[Event "Sparkassen-Open A"]
[Site "Heusenstamm, Martinsee"]
[Date "2015.11.27"]
[Round "2.70"]
[White "Traut, Stefan"]
[Black "Foskanyan, Serzhik"]
[Result "0-1"]
[WhiteElo "1687"]
[BlackElo "1911"]
[PlyCount "74"]
[EventDate "2015.??.??"]
[WhiteTeam "SF Heusenstamm"]
[BlackTeam "SV Mainz-Mombach"]

1. d4 Nf6 2. Nf3 e6 3. g3 d5 4. c4 c6 5. Qc2 b6 6. Bg2 Bb7 7. O-O dxc4 8. Qxc4
c5 9. Nc3 Nbd7 10. Rd1 Qc8 11. Qd3 Be7 12. Bf4 O-O 13. Rac1 c4 14. Qc2 a6 15.
e4 h6 16. d5 exd5 17. Nxd5 Nxd5 18. exd5 b5 19. d6 Bf6 20. Be3 Rd8 21. Bd4 Rb8
22. Qf5 Bxd4 23. Rxd4 Nf6 24. Qxc8 Rbxc8 25. Nh4 Bxg2 26. Kxg2 Rc6 27. Nf5 Kf8
28. Rcd1 Nd7 29. Re1 Nc5 30. Red1 Nd3 31. Rd2 g6 32. Nxh6 Rcxd6 33. Rxd6 Rxd6
34. Re2 b4 35. Ng4 c3 36. bxc3 bxc3 37. Kf3 c2 0-1

[Event "Sparkassen-Open A"]
[Site "Heusenstamm, Martinsee"]
[Date "2015.11.27"]
[Round "2.71"]
[White "Neukirchner, Pascal"]
[Black "Köllner, Felicitas Ophelia"]
[Result "1-0"]
[WhiteElo "1910"]
[BlackElo "1682"]
[PlyCount "59"]
[EventDate "2015.??.??"]
[WhiteTeam "SK Gründau"]
[BlackTeam "SV Bergneustadt/Derschlag"]

1. Nf3 d6 2. e4 Nf6 3. Nc3 e5 4. d4 Nbd7 5. Bc4 Be7 6. h3 O-O 7. Be3 a6 8. a4
b6 9. d5 Nc5 10. Nd2 g6 11. g4 Re8 12. b4 Ncd7 13. Be2 Nb8 14. O-O c6 15. Nc4
c5 16. b5 axb5 17. axb5 Rxa1 18. Qxa1 Qc7 19. Kh2 Rf8 20. Bh6 Re8 21. f4 exf4
22. Rxf4 Nfd7 23. Qf1 f6 24. g5 fxg5 25. Rf7 Bf6 26. Qxf6 Nxf6 27. Rxc7 Nxe4
28. Nxe4 Rxe4 29. Rxc8+ Kf7 30. Nxd6+ 1-0

[Event "Sparkassen-Open A"]
[Site "Heusenstamm, Martinsee"]
[Date "2015.11.27"]
[Round "2.72"]
[White "Bethke, Richard"]
[Black "Kube, Jens"]
[Result "1/2-1/2"]
[WhiteElo "1672"]
[BlackElo "1890"]
[PlyCount "101"]
[EventDate "2015.??.??"]
[WhiteTeam "SC Gelnhausen"]
[BlackTeam "SC Steinbach"]

1. e4 c5 2. Nf3 g6 3. d4 cxd4 4. Qxd4 Nf6 5. e5 Nc6 6. Qh4 Nxe5 7. Nxe5 Qa5+ 8.
Nc3 Qxe5+ 9. Be2 Bg7 10. Bf4 Qa5 11. O-O h6 12. Qg3 d6 13. Bxd6 O-O 14. Bxe7
Re8 15. Bxf6 Bxf6 16. Bc4 Be6 17. Bxe6 Rxe6 18. f4 Qc5+ 19. Kh1 Re3 20. Qf2
Bxc3 21. bxc3 Rxc3 22. Qxc5 Rxc5 23. Rf2 Rac8 24. Rc1 Ra5 25. c3 Rc4 26. g3
Rac5 27. Rfc2 b5 28. a3 a5 29. Rb2 Rxc3 30. Rxc3 Rxc3 31. Rxb5 Rxa3 32. Rb8+
Kg7 33. Ra8 Ra2 34. Ra6 h5 35. h3 a4 36. g4 a3 37. f5 hxg4 38. hxg4 gxf5 39.
gxf5 Rf2 40. Rxa3 Rxf5 41. Kg2 Kg6 42. Ra6+ Kg5 43. Ra3 Rc5 44. Rg3+ Kf6 45.
Rf3+ Kg6 46. Ra3 Rc4 47. Kg3 Kg5 48. Rb3 f5 49. Ra3 Rg4+ 50. Kf2 Rh4 51. Rg3+
1/2-1/2

[Event "Sparkassen-Open A"]
[Site "Heusenstamm, Martinsee"]
[Date "2015.11.27"]
[Round "2.73"]
[White "Gutacker, Stephan"]
[Black "Leichum, Engelbert"]
[Result "0-1"]
[WhiteElo "1885"]
[BlackElo "1670"]
[PlyCount "77"]
[EventDate "2015.??.??"]
[WhiteTeam "Sfr. Kelkheim"]
[BlackTeam "vereinslos"]

1. e4 e5 2. Nf3 d6 3. Bc4 Bg4 4. d4 Nc6 5. c3 Nf6 6. d5 Na5 7. Bd3 b6 8. h3 Bh5
9. Bg5 a6 10. Qe2 h6 11. Bxf6 Qxf6 12. Nbd2 Nb7 13. Bxa6 Nc5 14. Bb5+ Nd7 15.
a4 Qd8 16. b4 Be7 17. O-O O-O 18. a5 bxa5 19. bxa5 Nc5 20. a6 Ra7 21. Rfb1 Bg5
22. Nb3 f5 23. Nxc5 dxc5 24. exf5 e4 25. Qxe4 Rf7 26. g4 Re7 27. Qd3 Be8 28.
Nxg5 hxg5 29. c4 c6 30. d6 cxb5 31. cxb5 Red7 32. Qd5+ Bf7 33. Qxc5 Rxd6 34.
Qxa7 Rd7 35. Qe3 Rd3 36. Qe5 Rxh3 37. Rd1 Qa8 38. Kf1 Qf3 39. Rac1 0-1

[Event "Sparkassen-Open A"]
[Site "Heusenstamm, Martinsee"]
[Date "2015.11.27"]
[Round "2.74"]
[White "Wilk, David"]
[Black "Hinrichs, Niklas"]
[Result "0-1"]
[WhiteElo "1668"]
[BlackElo "1884"]
[PlyCount "98"]
[EventDate "2015.??.??"]
[WhiteTeam "SF Mainz"]
[BlackTeam "SK Bingen"]

1. e4 c5 2. Nc3 d6 3. g3 Nf6 4. Bg2 e6 5. Nge2 a6 6. d3 Qc7 7. h3 Nbd7 8. Be3
Rb8 9. a4 b6 10. Qd2 Be7 11. O-O Bb7 12. d4 cxd4 13. Nxd4 Ne5 14. b3 O-O 15. f4
Ned7 16. Qe1 Rbc8 17. Nde2 Nc5 18. Bxc5 Qxc5+ 19. Qf2 Qb4 20. Na2 Qa5 21. b4
Qxa4 22. Qxb6 Bxe4 23. Nac3 Qxc2 24. Nxe4 Nxe4 25. Qxa6 Nc3 26. Nxc3 Qxc3 27.
Qa3 Qd4+ 28. Kh1 d5 29. Rab1 Rc4 30. Rfd1 Qb6 31. Qa5 Rb8 32. Qxb6 Rxb6 33. b5
Rc3 34. g4 Bc5 35. f5 Be3 36. Ra1 Rc8 37. fxe6 fxe6 38. Ra6 Rxb5 39. Rxe6 d4
40. Rd6 Rb2 41. Bd5+ Kh8 42. Rf1 g6 43. Bc6 Rc7 44. Bd5 Rcc2 45. Rd8+ Kg7 46.
Rf7+ Kh6 47. g5+ Kxg5 48. h4+ Kh6 49. Rxh7+ Kxh7 0-1